1930 1992 1951 1039 1887 1808 1648 1653 1578 1267 1825 1495 1235 1993 1186 1711 1548 1778 1828 1944 1305 1363 1247 1010 1541 1660 1528 1978 1280 1477 1131 1582 1890 1177 1176 1433 1872 1435 1812 1945 1723 1718 1759 1014 1665 1504 1678 1476 1445 1285 1775 1102 1514 1767 1983 1679 1315 1957 1092 1112 1462 1554 1702 1708 1684 1767 1712 1106 1407 1552 1583 1095 1627 1972 1023 1477 1700 1626 1060 1548 1327 1203 1184 1265 1182 1981 1046 1663 1127 1393 1718 1637 1900 1819 1597 1706 1682 1964 1219 BCNSPRNW ULIB Ver.6.0+V

เปลี่ยนเป็นภาษาไทย

Change to English
 แสดงรายละเอียดบรรณานุกรม
  กลับหน้าหลัก

Brief Record : Get Marc (ISO 2709) : E-mail record : QR code < ปิดหน้าต่าง
LEADER : 00000nam 2200000uu 4500
001    13399108764
003     ULIB
008    110314s2551||||th 000 0 tha d
020    9789743074974
060 04 W21^bม685ร 2551
245 00 เรื่องเล่า--นักเรียนแพทย์ /^cมูลนิธิแพทย์ชนบท ; บรรณาธิการ, พงศ์เทพ วงศ์วัชรไพบูลย์
246 30 เรื่องเล่า...นักเรียนแพทย์
260    กรุงเทพฯ :^bสร้างสื่อ,^c2551
300    159 หน้า :^bภาพประกอบ ;^c22 ซม.
650  7 นักศึกษาแพทย์
653    Open Your Eyes Project
700 0  พงศ์เทพ วงศ์วัชรไพบูลย์,^eบรรณาธิการ
710 2  มูลนิธิแพทย์ชนบท
945    ^p60^l0^i025710
995     ทศพร
999 ^a ใช้งานได้ทุกระบบ
รายการนี้ยังไม่มีแท็ก
คุณยังไม่ได้ล็อกอิน คุณสามารถมีกิจกรรมร่วมกับเว็บไซต์ได้ แต่ต้องล็อกอินก่อน ::
  ล็อกอิน

รายการสื่อสารสนเทศ

ลำดับที่ ประเภท เลขเรียก/บาร์โค้ด สถานที่ สถานะ
- ไม่พบข้อมูล -

BibComment


ยังไม่เคยถูกคอมเมนท์

คอมเมนท์ทรัพยากรรายการนี้
  คอมเมนท์: เรื่องเล่านักเรีย..


 Copyright 2026. Bcnsprnw @Library